ბათუმის შოთა რუსთაველის სახელმწიფო უნივერსიტეტის ბიბლიოთეკა

სამედიცინო ფიზიკა : (ბიბ.ჩანაწერი № 38679)

000 -ლიდერი
ფიქსირებული სიგრძის საკონტროლო ველი 01666nam a2200313Ia 4500
001 - საკონტროლო ნომერი
საკონტროლო ველი 4922
003 - საკონტროლო ნომრის იდენტიფიკატორი
საკონტროლო ველი GE_BSU
005 - ბოლო ოპერაციის თარიღი და დრო
საკონტროლო ველი 20190802153036.0
008 - ფიქსირებული სიგრძის მონაცემთა ელემენტები - ზოგადი ინფორმაცია
ფიქსირებული სიგრძის საკონტროლო ველი 181216s2009||||ge |||||||||||||| ||geo||
040 ## - კატალოგიზაციის წყარო
Transcribing agency GE_BSU
041 ## - ენის კოდი
Language code of text/sound track or separate title geo
080 ## - უნივერსალური ათობითი კლასიფიკაციის ინდექსი
Universal Decimal Classification number 61 ს-22
245 ## - ცნობა სათაურის შესახებ
Title სამედიცინო ფიზიკა :
Remainder of title სახელმძღვ. /
Statement of responsibility, etc მანონი კობაიძე, ამირან ზაქარაია, ამირან ანთია და სხვ.; ალექსანდრე ციბაძის რედაქტორობით.
264 ## - წარმოების, გამოცემის, დისტრიბუციის და სხვა ცნობები
გამოცემის, წარმოების, დისტრიბუციის... ადგილი თბილისი :
გამოცემის, წარმოების, დისტრიბუციის... სახელწოდება სამედიცინო ფიზიკა ;
გამოცემის, წარმოების, დისტრიბუციის... თარიღი 2009.
300 ## - ფიზიკური აღწერა
Extent 175 გვ. ;
Dimensions 29 სმ.
653 ## - INDEX TERM--UNCONTROLLED
Uncontrolled term სამედიცინო ფიზიკა
653 ## - INDEX TERM--UNCONTROLLED
Uncontrolled term ოპტიკური მოვლენები
653 ## - INDEX TERM--UNCONTROLLED
Uncontrolled term ატომური მოვლენები
700 ## - ADDED ENTRY--PERSONAL NAME
Personal name კობაიძე, მანონი
Relator term ავტორი
9 (RLIN) 3377
700 ## - ADDED ENTRY--PERSONAL NAME
Personal name ზაქარაია, ამირან
Relator term ავტორი
9 (RLIN) 3378
700 ## - ADDED ENTRY--PERSONAL NAME
Personal name მირცხულავა, მერაბ
Relator term ავტორი
9 (RLIN) 3379
700 ## - ADDED ENTRY--PERSONAL NAME
Personal name ანთია, რამინ
Relator term ავტორი
9 (RLIN) 3380
700 ## - ADDED ENTRY--PERSONAL NAME
Personal name გოცირიძე, ნიკოლოზ
Relator term ავტორი
9 (RLIN) 3381
700 ## - ADDED ENTRY--PERSONAL NAME
Personal name კორკელია, მაკა
Relator term ავტორი
9 (RLIN) 3382
700 ## - ADDED ENTRY--PERSONAL NAME
Personal name ჩირაძე, გიორგი
Relator term ავტორი
9 (RLIN) 3383
700 ## - ADDED ENTRY--PERSONAL NAME
Personal name ციბაძე, ალექსანდრე
Relator term რედაქტორი
9 (RLIN) 3384
942 ## - ADDED ENTRY ELEMENTS (KOHA)
Koha item type წიგნი
Source of classification or shelving scheme
ეგზემპლარები
ჩამოწერის სტატუსი დაკარგული ეგზემპლარის სტატუსი კლასიფიკაციის წყარო ან თაროზე გაწყობის სქემა დაზიანების სტატუსი არ გაიცემა მუდმივი მდებარეობა (დაცვის ადგილი) ამჟამინდელი ადგილსამყოფელი თაროზე განთავსების ადგილი შეძენის თარიღი ღირებულება, შესყიდვის ნორმალური ფასი სრული შენახვის შიფრი შტრიხკოდი ბოლო ოპერაციის თარიღი ეგზემპლარის მიმდევრობითი ნომერი (კეტერი?) ფასის ძალაში შესვლის თარიღი ეგზემპლარის სახეობა საჯარო შენიშვნა
          ბათუმის შოთა რუსთაველის სახელმწიფო უნივერსიტეტის მთავარი ბიბლიოთეკა ბათუმის შოთა რუსთაველის სახელმწიფო უნივერსიტეტის მთავარი ბიბლიოთეკა წიგნსაცავი 2018-12-17 16.50 61 ს-22 13071 2018-12-17 13071 2018-12-17 წიგნი 16.50 ლ.
          ბათუმის შოთა რუსთაველის სახელმწიფო უნივერსიტეტის მთავარი ბიბლიოთეკა ბათუმის შოთა რუსთაველის სახელმწიფო უნივერსიტეტის მთავარი ბიბლიოთეკა წიგნსაცავი 2018-12-17 16.50 61 ს-22 13072 2018-12-17 13072 2018-12-17 წიგნი 16.50 ლ.
          ბათუმის შოთა რუსთაველის სახელმწიფო უნივერსიტეტის მთავარი ბიბლიოთეკა ბათუმის შოთა რუსთაველის სახელმწიფო უნივერსიტეტის მთავარი ბიბლიოთეკა წიგნსაცავი 2018-12-17 16.50 61 ს-22 13073 2018-12-17 13073 2018-12-17 წიგნი 16.50 ლ.
          ბათუმის შოთა რუსთაველის სახელმწიფო უნივერსიტეტის მთავარი ბიბლიოთეკა ბათუმის შოთა რუსთაველის სახელმწიფო უნივერსიტეტის მთავარი ბიბლიოთეკა წიგნსაცავი 2018-12-17 16.50 61 ს-22 13074 2018-12-17 13074 2018-12-17 წიგნი 16.50 ლ.
          ბათუმის შოთა რუსთაველის სახელმწიფო უნივერსიტეტის მთავარი ბიბლიოთეკა ბათუმის შოთა რუსთაველის სახელმწიფო უნივერსიტეტის მთავარი ბიბლიოთეკა წიგნსაცავი 2018-12-17 16.50 61 ს-22 13075 2018-12-17 13075 2018-12-17 წიგნი 16.50 ლ.
          ბათუმის შოთა რუსთაველის სახელმწიფო უნივერსიტეტის მთავარი ბიბლიოთეკა ბათუმის შოთა რუსთაველის სახელმწიფო უნივერსიტეტის მთავარი ბიბლიოთეკა წიგნსაცავი 2018-12-17 16.50 61 ს-22 13076 2018-12-17 13076 2018-12-17 წიგნი 16.50 ლ.
          ბათუმის შოთა რუსთაველის სახელმწიფო უნივერსიტეტის მთავარი ბიბლიოთეკა ბათუმის შოთა რუსთაველის სახელმწიფო უნივერსიტეტის მთავარი ბიბლიოთეკა წიგნსაცავი 2018-12-17 16.50 61 ს-22 13077 2018-12-17 13077 2018-12-17 წიგნი 16.50 ლ.
          ბათუმის შოთა რუსთაველის სახელმწიფო უნივერსიტეტის მთავარი ბიბლიოთეკა ბათუმის შოთა რუსთაველის სახელმწიფო უნივერსიტეტის მთავარი ბიბლიოთეკა წიგნსაცავი 2018-12-17 16.50 61 ს-22 13078 2018-12-17 13078 2018-12-17 წიგნი 16.50 ლ.
          ბათუმის შოთა რუსთაველის სახელმწიფო უნივერსიტეტის მთავარი ბიბლიოთეკა ბათუმის შოთა რუსთაველის სახელმწიფო უნივერსიტეტის მთავარი ბიბლიოთეკა წიგნსაცავი 2018-12-17 16.50 61 ს-22 13079 2018-12-17 13079 2018-12-17 წიგნი 16.50 ლ.
          ბათუმის შოთა რუსთაველის სახელმწიფო უნივერსიტეტის მთავარი ბიბლიოთეკა ბათუმის შოთა რუსთაველის სახელმწიფო უნივერსიტეტის მთავარი ბიბლიოთეკა წიგნსაცავი 2018-12-17 16.50 61 ს-22 13080 2018-12-17 13080 2018-12-17 წიგნი 16.50 ლ.